Algebra Trigonometria/ (Registro nro. 8683)
[ vista simple ]
| 000 -LEADER | |
|---|---|
| fixed length control field | 00992nam a2200217Ia 4500 |
| 005 - FECHA Y HORA DE LA ÚLTIMA TRANSACCIÓN | |
| control field | 20230807154918.0 |
| 008 - FIXED-LENGTH DATA ELEMENTS--GENERAL INFORMATION | |
| fixed length control field | 230725s9999 xx 000 0 und d |
| 020 ## - INTERNATIONAL STANDARD BOOK NUMBER | |
| International Standard Book Number | 9584101625 |
| 040 ## - CATALOGING SOURCE | |
| Original cataloging agency | UPAN |
| Transcribing agency | Biblioteca San Vicente |
| Description conventions | RCAA2 |
| 041 ## - LANGUAGE CODE | |
| Language code of text/sound track or separate title | spa |
| 082 ## - DEWEY DECIMAL CLASSIFICATION NUMBER | |
| Classification number | 512.13 |
| Item number | Z555a |
| año de publicación | 2000 |
| 100 ## - MAIN ENTRY--PERSONAL NAME | |
| Personal name | Zill, Dennis |
| Relator code | aut. |
| 245 #0 - TITLE STATEMENT | |
| Title | Algebra Trigonometria/ |
| Remainder of title | Dennis G. Zill |
| 250 ## - EDITION STATEMENT | |
| Edition statement | 2ª ed. |
| 260 ## - PUBLICATION, DISTRIBUTION, ETC. (IMPRINT) | |
| Place of publication, distribution, etc | Colombia: |
| Name of publisher, distributor, etc | McGraw Hill, |
| Date of publication, distribution, etc | 2000 |
| 300 ## - PHYSICAL DESCRIPTION | |
| Extent | 657 p.; |
| Dimensions | 27 cm. |
| 505 ## - FORMATTED CONTENTS NOTE | |
| Formatted contents note | 0. Lógica y conjuntos<br/>1. Conceptos fundamentos del álgebra <br/>2. Ecuaciones e inecuaciones<br/>3. Funciones y gráficas<br/>4. Funciones polinomiales y racionales<br/>5. Funciones exponenciales y logarítmicas <br/>6. Trigonometría del triangulo <br/>7. Trigonometría analítica<br/>8. Sistemas de ecuaciones e inecuaciones<br/>9. Matrices<br/>10. Temas de geometría analítica <br/>11. Sucesiones, series y probabilidad |
| 650 ## - SUBJECT ADDED ENTRY--TOPICAL TERM | |
| Source of heading or term | LEMB |
| Topical term or geographic name as entry element | Trigonometría |
| General subdivision | Algebra |
| 700 ## - ADDED ENTRY--PERSONAL NAME | |
| Personal name | Jacqueline M. Dewar |
| Relator code | col. |
| 942 ## - ADDED ENTRY ELEMENTS (KOHA) | |
| Koha item type | Libros |
| Source of classification or shelving scheme | Dewey Decimal Classification |
| Withdrawn status | Lost status | Source of classification or shelving scheme | Damaged status | Not for loan | Collection code | Home library | Current library | Date acquired | Total Checkouts | Full call number | Barcode | Date last seen | Copy number | Price effective from | Koha item type |
|---|---|---|---|---|---|---|---|---|---|---|---|---|---|---|---|
| Dewey Decimal Classification | Colección General | Biblioteca UPAN San Vicente | Biblioteca UPAN San Vicente | 25/07/2023 | 512.13 Z555a | 12002566 | 25/07/2023 | 01 | 25/07/2023 | Libros |